| 000 | 00795nam a22002292 4500 | ||
|---|---|---|---|
| 001 | 0000012233 | ||
| 005 | 20151217152109.0 | ||
| 008 | 090218s xx 000 0 eng d | ||
| 020 | _a0944002153 : | ||
| 040 |
_aKABU _cKABU |
||
| 100 | 1 |
_aPritchett, Price. _@0000168501 |
|
| 245 | 1 | 4 |
_aThe Employee handbook of new work habits for a radically changing world : _b13 ground rules for job success in the information age / _cPrice Pritchett. |
| 250 | _a1st ed. | ||
| 260 |
_aDallas, Texas : _bPritchett, _c1994. |
||
| 300 | _a51 p. | ||
| 650 | 0 |
_aCareer development. _@0000139411 |
|
| 650 | 0 |
_aWork ethics. _@0000168502 |
|
| 852 | 1 | _9p400 KES | |
| 852 | 1 | _9p400 KES | |
| 908 | _a090218 | ||
| 950 | _@1 | ||
| 999 |
_c8233 _d8233 |
||